Návrh dlhodobého vývoja pracovných síl a ekonomicko-finančného projektu PPoK SR v oblastnom priereze Záverečná správa časovej etapy čiastkovej úlohy. ŠPEV 901 529 320-03/5
Guardado en:
| Autor principal: | |
|---|---|
| Formato: | Libro |
| Lenguaje: | eslovaco |
| Publicado: |
Bratislava
Výskumný ústav ekonomiky poľnohospodárstva a potravinárstva
1990
|
| Edición: | 1. vyd. |
| Etiquetas: |
Sin Etiquetas, Sea el primero en etiquetar este registro!
|
MARC
| LEADER | 00000nam a2200000 4500 | ||
|---|---|---|---|
| 001 | c032281 | ||
| 005 | 20221215070949.2 | ||
| 041 | 0 | |a slo | |
| 044 | |a SK | ||
| 245 | 1 | 0 | |a Návrh dlhodobého vývoja pracovných síl a ekonomicko-finančného projektu PPoK SR v oblastnom priereze |b Záverečná správa časovej etapy čiastkovej úlohy. ŠPEV 901 529 320-03/5 |c Jozef Bernát |
| 250 | |a 1. vyd. | ||
| 264 | 1 | |a Bratislava |b Výskumný ústav ekonomiky poľnohospodárstva a potravinárstva |c 1990 | |
| 300 | |a 82 s. | ||
| 100 | 1 | |a Bernát, Jozef | |